| 000 | 01043nam0a22002891 4500 | ||
|---|---|---|---|
| 001 | RU\NLR\INFOCOMM_223\5000030647 | ||
| 005 | 20250613091434.0 | ||
| 035 | _a(NLR Aleph) 009108594 | ||
| 090 |
_a8146199 _c8146199 |
||
| 100 | _a20090204d1971 |||y0rusy50 ca | ||
| 101 | 0 | _aeng | |
| 102 | _aRU | ||
| 105 | _ay ||||000|y | ||
| 200 | 1 |
_aEstimate of upper and lower bounds to characteristics of two- and three-body systems _fV. B. Belyaev [and] A. L. Zubarev |
|
| 210 |
_aДубна _d1971 |
||
| 215 |
_a10 с. _d22 см |
||
| 225 | 1 |
_aСообщения Объединенного института ядерных исследований _iЛаборатория теоретической физики _vЕ4-6095 |
|
| 320 | _aБиблиогр.: с. 9 | ||
| 686 |
_aФЗ-1600 _2rubbk |
||
| 700 | 1 |
_9z01790 _aBeljaev _bV. B. _gVladimir Borisovič _4070 |
|
| 701 | 1 |
_aZubarev _bA. L. _4070 |
|
| 790 | 1 |
_9z01700 _aBelyaev _bV. B. _4070 |
|
| 801 | 1 |
_aRU _bNLR _c20090204 |
|
| 801 | 0 |
_aRU _bNLR _gPSBO |
|
| 852 |
_aNLR _jP11/3130 |
||
| 942 | _cBOOK | ||
| 980 | _aNB | ||